[Los inocentes con las manos sucias] = Innocent with Dirty Hands /
Сохранить в:
| Главный автор: | |
|---|---|
| Другие авторы: | , , |
| Формат: | |
| Язык: | испанский |
| Серии: | (The Claude Chabrol Collection)
|
| Предметы: | |
| Метки: |
Нет меток, Требуется 1-ая метка записи!
|
MARC
| LEADER | 00000ngm^a2200000^a^4500 | ||
|---|---|---|---|
| 001 | 000294395 | ||
| 005 | 20250521000000.0 | ||
| 009 | 20260310112206.905 | ||
| 037 | |a Acervo ITESO - Biblioteca | ||
| 041 | |a ESP | ||
| 082 | |a 840. |b CHA | ||
| 100 | |a Chabrol, Claude |e (realización) | ||
| 240 | 1 | 5 | |a [Los inocentes con las manos sucias] |
| 245 | 1 | 5 | |a [Los inocentes con las manos sucias] = |b Innocent with Dirty Hands / |c Realización de C. Chabrol. |
| 246 | 2 | |a Título de exhibición cinematográfica en México: Los inocentes con las manos sucias | |
| 246 | 2 | |a Título en la cubierta: Innocent with Dirty Hands | |
| 264 | 2 | |a Los Angeles, EUA : |b Pathfinder [distribución], |c 2003, c2003 | |
| 300 | |a 1 DVD sin dato de región |c (120 min.) | ||
| 336 | |a imagen móvil bidimensional |b tdi |2 rdacontenido | ||
| 337 | |a video |b v |2 rdamedio | ||
| 338 | |a videodisco |b vd |2 rdasoporte | ||
| 440 | 5 | |a (The Claude Chabrol Collection) | |
| 500 | |a Traducción de: Les innocents aux mains sales | ||
| 500 | |a Basado en: The Damned Innocents, de Richard Neely | ||
| 546 | |a Doblaje opcional: español, inglés | ||
| 649 | |a XX | ||
| 650 | |a Películas Policíacas | ||
| 650 | |a Dramas Cinematográficos | ||
| 650 | |a Cine Francés - |y 1970-1979 | ||
| 650 | |a Cine Francés - |y Siglo XX | ||
| 650 | |a Escritores | ||
| 650 | |a Burguesía - |z Francia - |x Condiciones Sociales y Culturales | ||
| 650 | |a Clase Alta - |z Francia - |x Condiciones Sociales y Culturales | ||
| 650 | |a Novela - |x Adaptaciones para Cine | ||
| 650 | |a Literatura y Cine | ||
| 650 | |a Inocencia (Derecho) | ||
| 650 | |a Uxoricidio | ||
| 650 | |a Crimen Pasional | ||
| 650 | |a Asesinato | ||
| 650 | |a Infidelidad | ||
| 650 | |a Matrimonio | ||
| 650 | |a Relaciones Intergénero | ||
| 650 | |a Relaciones de Pareja | ||
| 650 | |a Saint-Tropez, Francia en el Cine | ||
| 650 | |a Neely, Richard | ||
| 700 | |a Schneider, Romy |e (actuación) | ||
| 700 | |a Steiger, Rod |e (actuación) | ||
| 700 | |a Maistre, François |e (actuación) | ||
| 740 | 4 | |a Les innocents aux mains sales / |c Realización de C. Chabrol. | |
| 910 | |a Fondo General | ||
| 920 | |a Audiovisuales - DVDs | ||
| 940 | |a Películas | ||
| 905 | |a 302 | ||
| 901 | |a 0500189340 |b IT2 |c DVS |i C119425 |u 20250521 | ||
| 902 | |a https://opac.biblio.iteso.mx/vufind/Record/000294395 | ||